<?xml version="1.0" encoding="utf-8"?>
<?xml-stylesheet type='text/xsl' href='./oai2.xsl'?>
<OAI-PMH xmlns="http://www.openarchives.org/OAI/2.0/" xmlns:xsi="http://www.w3.org/2001/XMLSchema-instance" xsi:schemaLocation="http://www.openarchives.org/OAI/2.0/ http://www.openarchives.org/OAI/2.0/OAI-PMH.xsd">
  <responseDate>2026-06-07T23:22:19Z</responseDate>
  <request verb="GetRecord" metadataPrefix="marcxml" identifier="record_kuniweb_2508439">https://kulturerbe.niedersachsen.de/oai</request>
  <GetRecord>
    <record>
      <header>
        <identifier>record_kuniweb_2508439</identifier>
        <datestamp>2026-03-31T19:09:18Z</datestamp>
        <setSpec>slg0175</setSpec>
      </header>
      <metadata>
        <marc:record xmlns:marc="http://www.loc.gov/MARC21/slim" xsi:schemaLocation="http://www.loc.gov/MARC21/slim http://www.loc.gov/standards/marcxml/schema/MARC21slim.xsd">
          <marc:leader>12345nkm  22     uu 4500</marc:leader>
          <marc:controlfield tag="001">2508439</marc:controlfield>
          <marc:controlfield tag="003">http://kuniweb.gbv.de</marc:controlfield>
          <marc:controlfield tag="005">2024-05-27T13:44:49</marc:controlfield>
          <marc:controlfield tag="008">|           ||||||||||||||||||||||</marc:controlfield>
          <marc:datafield tag="245" ind1="1" ind2="0">
            <marc:subfield code="a">Eoban Hess</marc:subfield>
          </marc:datafield>
          <marc:datafield tag="720" ind1=" " ind2=" ">
            <marc:subfield code="a">Albrecht Dürer</marc:subfield>
          </marc:datafield>
          <marc:datafield tag="720" ind1=" " ind2=" ">
            <marc:subfield code="a">Ralf von Retberg</marc:subfield>
          </marc:datafield>
          <marc:datafield tag="655" ind1=" " ind2="7">
            <marc:subfield code="a">Grafik</marc:subfield>
          </marc:datafield>
          <marc:datafield tag="046" ind1=" " ind2=" ">
            <marc:subfield code="k">1864</marc:subfield>
            <marc:subfield code="k">1864 (Entstehung der Reproduktion)</marc:subfield>
          </marc:datafield>
          <marc:datafield tag="260" ind1=" " ind2=" ">
            <marc:subfield code="g">1864</marc:subfield>
            <marc:subfield code="g">1864 (Entstehung der Reproduktion)</marc:subfield>
          </marc:datafield>
          <marc:datafield tag="300" ind1=" " ind2=" ">
            <marc:subfield code="a">Höhe: 130 mm (Darstellung)
Breite: 95 mm (Darstellung)
Höhe: 220 mm (Blatt)
Breite: 175 mm (Blatt)</marc:subfield>
          </marc:datafield>
          <marc:datafield tag="520" ind1=" " ind2=" ">
            <marc:subfield code="a">lithographische Reproduktion Ralf von Retbergs nach einem Holzschnitt, der Albrecht Dürer zugeschrieben werden kann. Dürer und die dargestellte Person ab 1526 gemeinsam in Nürnberg und befreundet. Der Humanist und neulateinische Dichter Eoban Hess (1488-1540) verfasste das Epikedeion auf Dürer 1528, möglicherweise fertigte Dürer den Holzschnitt zu Lebzeiten, und die Inschrift oberhalb der Darstellung wurde nach dem Tod Hess' hinzugefügt.
Bei Heller 1827 unter den zweifelhaften Blättern Dürers; auch Nagler/Andresen zweifeln 1881 an der Zuschreibung, obwohl es "sehr sicher und geistreich geschnitten, vor vielen anderen Blättern dieser Art eines Dürer's würdig" sei, allerdings war "Eoban Hess [...] bei dem Tode des Meisters 38-39 Jahre alt, das Portrait zeigt aber entschieden einen Fünfziger." (Nagler/Andresen 1881, S. 207)
Zeichnung Dürers von Hess 1526 als mögliche Vorstudie zum Holzschnitt belegt eindeutig Arbeit Dürers am Hess-Bildnis sowie das mit dem Holzschnitt vergleichbare 38-39-jährige Aussehen der dargestellten Person (T. Mahler 04/2024)

Aufdruck:
"H.EOBANO HESSO POE=/tae Clarissimo qui obiit Anno domini/ XXXX Etatis Sue Li. S. R. Ioannes Gigas." (oberhalb der Darstellung)

Beschrieben in:
J. Heller, „Dürer’s Bildnisse, Kupferstiche, Holzschnitte und die nach ihm gefertigten Blätter“, Das @Leben und die Werke Albrecht Dürer’s, Bd. Zweyter , Zweyte Abtheilung. Kunz, Bamberg, 1827. (Nr. 2172, S. 825)

Beschrieben in:
„A - CF“, Die @Monogrammisten und diejenigen bekannten und unbekannten Künstler aller Schulen ..., Bd. 1. Hirth, München, 1881. (Nr. 150, S. 207)</marc:subfield>
          </marc:datafield>
          <marc:datafield tag="650" ind1="1" ind2=" ">
            <marc:subfield code="a">Grafik, Fotografie &gt; Druckgrafik &gt; Flachdruck &gt; Lithografie</marc:subfield>
          </marc:datafield>
          <marc:datafield tag="773" ind1="0" ind2=" ">
            <marc:subfield code="t">Sammlung und Nachlass Hermann Allmers</marc:subfield>
          </marc:datafield>
          <marc:datafield tag="852" ind1=" " ind2=" ">
            <marc:subfield code="a">Archiv des Landkreises Cuxhaven</marc:subfield>
          </marc:datafield>
          <marc:datafield tag="852" ind1=" " ind2=" ">
            <marc:subfield code="a">Nürnberg</marc:subfield>
          </marc:datafield>
          <marc:datafield tag="" ind1=" " ind2=" ">
            <marc:subfield code="a">Sammlung und Nachlass Hermann Allmers sind Eigentum der Hermann-Allmers-Gesellschaft e. V. und werden in zwei Teilen an zwei Standorten verwahrt:
Die (museale) Sammlung, bestehend aus Mobiliar und Hausgerät, Tafelgemälden, kleineren und größeren Antiken, Gipsabgüssen, kunsthandwerklichen Objekten aus Keramik und Glas und einer kleinen Bibliothek, befindet sich im Allmers-Haus in Rechtenfleth.
Der literarische, grafische und fotografische "Nachlass Hermann Allmers" hingegen ist im Archiv des Landkreises Cuxhaven in Otterndorf deponiert.</marc:subfield>
          </marc:datafield>
          <marc:datafield tag="" ind1=" " ind2=" ">
            <marc:subfield code="a">Namensnennung - Nicht kommerziell - Keine Bearbeitungen 4.0 International (CC BY-NC-ND 4.0)</marc:subfield>
          </marc:datafield>
        </marc:record>
      </metadata>
    </record>
  </GetRecord>
</OAI-PMH>
